Faculty of Law Library — Cairo University

Official Online Catalog

Reichsgesetzblatt : (Record no. 73823)

MARC details
000 -LEADER
fixed length control field 01057nam a2200313 i 4500
003 - CONTROL NUMBER IDENTIFIER
control field EG-GICUC
005 - DATE AND TIME OF LATEST TRANSACTION
control field 20260428110342.0
008 - FIXED-LENGTH DATA ELEMENTS--GENERAL INFORMATION
fixed length control field 260428s1937 ge aaaafr|||| 001 0 ger d
040 ## - CATALOGING SOURCE
Original cataloging agency EG-GiCUC
Language of cataloging ger
Transcribing agency EG-GiCUC
Modifying agency EG-GiCUC
Description conventions rda
041 ## - LANGUAGE CODE
Language code of text/sound track or separate title ger
082 04 - DEWEY DECIMAL CLASSIFICATION NUMBER
Edition number 21
Classification number 343.5
Item number GE . R
092 04 - LOCALLY ASSIGNED DEWEY CALL NUMBER (OCLC)
Edition number 21
099 ## - LOCAL FREE-TEXT CALL NUMBER (OCLC)
Classification number Law1 10 343.5 GE . R 1937
110 #1 - MAIN ENTRY--CORPORATE NAME
Corporate name or jurisdiction name as entry element Germany.
Subordinate unit Reichsministerium Des Innern
Relator term Author.
245 10 - TITLE STATEMENT
Title Reichsgesetzblatt :
Remainder of title Teil I, Jahrgang 1937 /
Statement of responsibility, etc. Herausgegeben Vom Reichsministerium Des Innern.
264 #1 - PRODUCTION, PUBLICATION, DISTRIBUTION, MANUFACTURE, AND COPYRIGHT NOTICE
Place of production, publication, distribution, manufacture Berlin :
Name of producer, publisher, distributor, manufacturer Reichsverlagsamt,
Date of production, publication, distribution, manufacture, or copyright notice 1937.
300 ## - PHYSICAL DESCRIPTION
Extent 1427pages;
-- various pagings
Dimensions 24 cm
336 ## - CONTENT TYPE
Source rda content
Content type term text
337 ## - MEDIA TYPE
Source rda media
Media type term Computer
338 ## - CARRIER TYPE
Source rda carrier
Carrier type term Online Resource
504 ## - BIBLIOGRAPHY, ETC. NOTE
Bibliography, etc. note Includes bibliographical references and index.<br/><br/>
546 ## - LANGUAGE NOTE
Language note Text in German
650 1# - SUBJECT ADDED ENTRY--TOPICAL TERM
Topical term or geographic name entry element Criminal law
Source of heading or term qrmak
651 1# - SUBJECT ADDED ENTRY--GEOGRAPHIC NAME
Source of heading or term qrmak
710 #2 - ADDED ENTRY--CORPORATE NAME
Corporate name or jurisdiction name as entry element Reichsverlagsamt (Berlin, Germany)
856 40 - ELECTRONIC LOCATION AND ACCESS
Uniform Resource Identifier <a href="https://fll.law.cu.edu.eg/fulltext/bks/B10-10265.pdf">https://fll.law.cu.edu.eg/fulltext/bks/B10-10265.pdf</a>
905 ## - Cataloger and Reviser Names
Cataloger Name: Farha Tarek
942 ## - ADDED ENTRY ELEMENTS (KOHA)
Source of classification or shelving scheme Dewey Decimal Classification
Koha item type Books
Edition 21
Suppress in OPAC No
Holdings
Withdrawn status Lost status Source of classification or shelving scheme Damaged status Not for loan Collection Home library Current library Date acquired Total checkouts Full call number Barcode Date last seen Copy number Price effective from Koha item type
    Dewey Decimal Classification   Not for loan القانون الجنائي جــــامعة القــاهرة مكتبة كلية الحقوق - المبنى الرئيسي 28.04.2026   Law1 10 343.5 GE . R 1937 1010265 C1 B10-10265 28.04.2026 1 28.04.2026 Books

© All rights reserved — Faculty of Law, Cairo University